| 000 | 00349nam a22001337a 4500 | ||
|---|---|---|---|
| 008 | 230623b xxu||||| |||| 00| 0 eng d | ||
| 020 | _a0712106499 | ||
| 082 |
_26 _a330.03 _bHAN 1965 |
||
| 100 | _cJL Hanson | ||
| 245 | _aA Dictionary of Economics and Commerce | ||
| 260 |
_aLondon _bPitman Publishing _c1965 |
||
| 300 | _aIII,393 p | ||
| 942 |
_2ddc _cBK |
||
| 999 |
_c2531 _d2531 |
||